000 00360 a2200157 4500
001 57149
020 _a8532207111
040 _cAnchieta - Pituba
100 _aBraz, Júlio Emílio
240 1 0 _aEnquanto houver vida viverei
_lpor
245 1 0 _aEnquanto houver vida viverei
300 _a63
362 0 _a1998
650 4 _aLiteratura juvenil
942 _cBK
999 _c57149
_d57149